<?xml version="1.0" encoding="UTF-8"?>
<collection xmlns="http://www.loc.gov/MARC21/slim">
 <record>
  <leader>00722nam a22002055a 4500</leader>
  <controlfield tag="001">CEM.cems015856</controlfield>
  <controlfield tag="008">130507s1970##################000#0#####d</controlfield>
  <controlfield tag="005">20210823203331.0</controlfield>
  <controlfield tag="003">CEMS</controlfield>
  <datafield tag="245" ind1="1" ind2="0">
   <subfield code="a">Los insectos /</subfield>
   <subfield code="c">Peter Farb.</subfield>
  </datafield>
  <datafield tag="260" ind1=" " ind2=" ">
   <subfield code="a">México :</subfield>
   <subfield code="b">Life,</subfield>
   <subfield code="c">1970</subfield>
  </datafield>
  <datafield tag="300" ind1=" " ind2=" ">
   <subfield code="a">192 p.</subfield>
  </datafield>
  <datafield tag="505" ind1="0" ind2=" ">
   <subfield code="a">Mecanismos de diferenciación celular.-Proteínas específicas.-La serie roja.-La stem cell hemopoyética.-Orgános hemopoyéticos.-Eritropoyetina. -Factor eritroinhibidor</subfield>
  </datafield>
  <datafield tag="100" ind1="1" ind2=" ">
   <subfield code="a">Farb, Peter</subfield>
  </datafield>
  <datafield tag="082" ind1="0" ind2="4">
   <subfield code="a">595.7</subfield>
  </datafield>
  <datafield tag="653" ind1=" " ind2=" ">
   <subfield code="a">Hormigas</subfield>
  </datafield>
  <datafield tag="653" ind1=" " ind2=" ">
   <subfield code="a">Insectos</subfield>
  </datafield>
  <datafield tag="653" ind1=" " ind2=" ">
   <subfield code="a">Zoología</subfield>
  </datafield>
  <datafield tag="859" ind1=" " ind2=" ">
   <subfield code="a">CEMS</subfield>
   <subfield code="b">BIB. CEMS - Agricultura</subfield>
   <subfield code="h">595.7</subfield>
   <subfield code="i">F221</subfield>
   <subfield code="p">A17831.94</subfield>
   <subfield code="t">Ej.1</subfield>
  </datafield>
  <datafield tag="859" ind1=" " ind2=" ">
   <subfield code="a">CEMS</subfield>
   <subfield code="b">BIB. CEMS - 11 de abril</subfield>
   <subfield code="h">595.7</subfield>
   <subfield code="i">F221</subfield>
   <subfield code="p">2723.74</subfield>
   <subfield code="t">Ej.1</subfield>
  </datafield>
 </record>
</collection>
